Alexandre Dumas Bibliography - Statistics

General Stats
  • This quiz has been taken 39 times
  • The average score is 4 of 65
Answer Stats
Type Year Name % Correct
Novel 1844 The Three Musketeers
93%
Novel 1844-1846 The Count of Monte Cristo
79%
Novel 1847 The Vicomte of Bragelonne: Ten Years Later
28%
Novel 1845 Twenty Years After
24%
Novel 1850 The Black Tulip
21%
Novella 1843 Georges
14%
Novel 1865-1866 The Count of Moret
14%
Novella 1844 The Corsican Brothers
10%
Novel 1872 The Prince of Thieves
10%
Novel 1849-1850 The Queen's Necklace
10%
Novel 1843 Amaury
7%
Novel 1839 Captain Pamphile
7%
Novel 1864 La Sanfelice
7%
Novel 1845 Queen Margot
7%
Novel 1873 Robin Hood the Outlaw
7%
Novel 1843 The Conspirators
7%
Novel 1840 The Fencing Master
7%
Novel 1847 The Forty-Five Guardsmen
7%
Novel 1859 The Last Vendee
7%
Novel 1844 The Nutcracker
7%
Novel 1849 The Pale Lady
7%
Novel 1845 The Regent's Daughter
7%
Novel 1845 The War of Women
7%
Novel 1857 The Wolf Leader
7%
Play 1831 Antony
3%
Novel 1838 Captain Paul
3%
Novel 1845 Le Chevalier de Maison-Rouge
3%
Novel 1844 Louis XIV and His Century
3%
Novel 1853 Storming the Bastille
3%
Novel 1853-1855 The Countess de Charny
3%
Novel 1846 The Lady of Monsoreau
3%
Novel 1854 The Mohicans of Paris
3%
Novel 1846 The Two Dianas
3%
Travel Book 1859 Travel Impressions in Russia
3%
Travel Book 1834 Travel Impressions: In Switzerland
3%
Travel Book 1859-1862 Adventures in Czarist Russia
0%
Novel 1843 Ascanio
0%
Travel Book 1841 A Year in Florence
0%
Travel Book 1842 Captain Arena
0%
Novel 1843 Castle Eppstein: The Specter Mother
0%
Novel 1853-1854 Catherine Blum
0%
Play 1831 Charles VII at the Homes of His Great Vassals
0%
Travel Book 1847 From Paris to Cadiz
0%
Travel Book 1843 Impressions of Travel in Naples
0%
Travel Book 1842 Impressions of Travel in Sicily
0%
Novel 1846-1848 Jospeh Balsamo
0%
Play 1836 Kean
0%
Play 1832 La Tour de Nesle
0%
Novel 1850 Montevideo, or the new Troy
0%
Novel 1851-1852 Olympe de Cleves
0%
Novel 1840 Othon l'archer
0%
Novel 1864 Pietro Monaco sua moglie Maria Oliverio e i loro complici
0%
Novel 1857 The Companions of Jehu
0%
Novel 1839 The Convert of St. Paul
0%
Play 1857 The Gold Thieves
0%
Novel ???? The Hero of the People
0%
Novel 1858 The Horoscope: A Romance of the Reign of François II
0%
Novel 1856 The Journal of Madame Giovanni
0%
Novel 1869 The Knight of Sainte-Hermine
0%
Novel ???? The Mesmerist's Victim
0%
Novel 1855 The Page of the Duke of Savoy
0%
Novel 1892 The Royal Life Guard
0%
Novel 1867 The Whites and the Blues
0%
Travel Book ???? Travel Impressions in the Kingdom of Napoli
0%
Travel Book 1858-1859 Voyage to the Caucasus
0%
No matching quizzes found
Score Distribution
Percent of People with Each Score
Percentile by Number Answered
Your Score History
You have not taken this quiz